01246cam a2200313 a 45000010008000000030004000080050017000120080041000290100017000700200038000870200038001250200045001630200045002080400018002530430012002710500022002830820019003051000024003242450088003482600156004363000042005924400019006345040064006536500044007176500056007616500051008176510027008686510037008954490094OSt20230607085006.0970701s1997 enkab b s001 0 eng  a 97029463  a0852558112 (James Currey : cloth) a0852558104 (James Currey : paper) a0253333679 (Indiana Univ. Press : cloth) a0253211581 (Indiana Univ. Press : paper) aDLCcDLCdDLC af------00aHV696.F6bD4 199700a363348096bWAA1 aDe Waal, Alexander.10aFamine crimes :bpolitics & the disaster relief industry in Africa /cAlex De Waal. aLondon :bAfrican Rights & the International African Institute in association with James Currey, Oxford & Indiana University Press, Bloomington,c1997. axviii, 238 p. :bill., maps ;c23 cm. 0aAfrican issues aIncludes bibliographical references (p. 222-232) and index. 0aFood reliefxGovernment policyzAfrica. 0aHumanitarian assistancexGovernment policyzAfrica. 0aStarvationxMoral and ethical aspectszAfrica. 0aAfricaxSocial policy. 0aAfricaxPolitics and government.